000 00297nam a22001097a 4500
008 230704b xxu||||| |||| 00| 0 eng d
082 _a362.2
_bINC 2001
245 _aPsychotropic Substances Substances Psychotropas Substancias Sicotropicas
260 _bUN
_c2001
300 _a292p
942 _2ddc
_cBK
999 _c3864
_d3864